| 000 | 00403nam a22001217a 4500 | ||
|---|---|---|---|
| 082 | _aTHE 200 | ||
| 100 |
_aWAQAS YAQOOB, _972794 |
||
| 245 | _aTH-SOF-0751-THE IMPACTS OF TECHNOLOGY ON EMPLOYMENT OPPORTUNITIES, LABOR SKILLS AND UNEMPLOYMENT RATE IN PAKISTAN | ||
| 260 |
_aNUST COLLEGE OF EME _bISLAMABAD _c2001 |
||
| 650 |
_aMS-EM-5 MSTHESIS _972537 |
||
| 700 |
_aDR SHAFQAT HAMEED _929330 |
||
| 942 | _cCF | ||
| 999 |
_c578772 _d578772 |
||